000 00543nam a2200181Ia 4500
003 GCL
008 140319s9999 xx 000 0 ara d
040 _aGCL /
_cGCL
082 0 4 _aط
_b221.12
_bس م
100 1 _aشركة سفير
245 1 0 _aجزء قد سمع /
_cشركة سفير
260 _a[S.N] :
_bشركة سفير
490 _aالمصحف المعلم للصغار والمبتدئين
_v0
650 0 4 _aالاطفال
650 0 4 _aتعليم
650 0 4 _aالمواد السمعية والبصرية
942 _2ddc
_cBK
999 _c57174
_d57174